000
00223nam a22000857a 4500
008
170327b xxu||||| |||| 00| 0 eng d
100
_9
3052
_a
Wanchoo.I.L.
245
_a
Social Science-History-IX
260
_a
New Delhi
_b
G.B.P.
_c
2010
999
_c
6321
_d
6321